000 00333nam a22001457a 4500
020 _a93-84445-20-7
082 _a894.812
_bGAN/E
100 _aRAGHAVAN PILLA, EDAPPALLI
245 _aDR. M.GANGA DEVI
260 _aTHRIRUVANANTHAPURAM
_bCHINTHA PUBLISHERS
_c2015
300 _a80
520 _aNOVEL
650 _aNOVEL
942 _cBK
999 _c5374
_d5374